Asbestos for surveyors (Record no. 107980)
[ view plain ]
| 000 -LEADER | |
|---|---|
| fixed length control field | 01914cam a22003615a 4500 |
| 001 - CONTROL NUMBER | |
| control field | L142803 |
| 008 - FIXED-LENGTH DATA ELEMENTS--GENERAL INFORMATION | |
| fixed length control field | 080311s2007 xxk f 001 0 eng d |
| 020 ## - INTERNATIONAL STANDARD BOOK NUMBER | |
| International Standard Book Number | 9780728205123 |
| 035 ## - SYSTEM CONTROL NUMBER | |
| System control number | (Sirsi) u142803 |
| 041 0# - LANGUAGE CODE | |
| Language code of text/sound track or separate title | eng |
| 050 04 - LIBRARY OF CONGRESS CALL NUMBER | |
| Classification number | 549.66 $2 18 |
| 100 1# - MAIN ENTRY--PERSONAL NAME | |
| Personal name | Sanderson, William J. H. |
| 245 00 - TITLE STATEMENT | |
| Title | Asbestos for surveyors |
| 250 ## - EDITION STATEMENT | |
| Edition statement | 2nd ed. |
| 260 ## - PUBLICATION, DISTRIBUTION, ETC. | |
| Place of publication, distribution, etc. | London |
| Name of publisher, distributor, etc. | EG Books |
| Date of publication, distribution, etc. | 2007 |
| 300 ## - PHYSICAL DESCRIPTION | |
| Extent | xviii, 201p. |
| Other physical details | ill. |
| Dimensions | 22cm. |
| 505 2# - FORMATTED CONTENTS NOTE | |
| Formatted contents note | Legislation on asbestos -- training for asbestos surveyors -- Accreditation -- Asbestos sources and properties -- Applications of asbestos in buildings -- Survey types and purposes -- Preparation and conduct of surveys -- Type 3 surveys -- Sampling techniques and strategies -- Material risk assessments and management prioritisation -- Analysis of samples -- Reports and registers -- Asbestos management plans -- Professional matters |
| 520 ## - SUMMARY, ETC. | |
| Summary, etc. | This concise book provides practical assistance to surveyors, including technical information on asbestos, training and accreditation, and procedures for conducting surveys for asbestos. Describes where asbestos materials were used in buildings and for what purposes. This second edition has been updated to include the Control of Asbestos Regulations 2006. Bibliography. |
| 520 ## - SUMMARY, ETC. | |
| Summary, etc. | Supersedes first edition (ISBN 0728204525). |
| 521 2# - TARGET AUDIENCE NOTE | |
| Target audience note | Advanced |
| 590 ## - LOCAL NOTE (RLIN) | |
| Local note | KA |
| 650 24 - SUBJECT ADDED ENTRY--TOPICAL TERM | |
| Topical term or geographic name entry element | HEALTH AND SAFETY AT WORK ETC ACT 1974 |
| 650 24 - SUBJECT ADDED ENTRY--TOPICAL TERM | |
| Topical term or geographic name entry element | CONTROL OF ASBESTOS AT WORK REGULATIONS 1987 |
| 650 24 - SUBJECT ADDED ENTRY--TOPICAL TERM | |
| Topical term or geographic name entry element | ASBESTOS (PROHIBITIONS) REGULATIONS 1992 |
| 650 24 - SUBJECT ADDED ENTRY--TOPICAL TERM | |
| Topical term or geographic name entry element | ASBESTOS (PROHIBITIONS) REGULATIONS 1999 |
| 650 24 - SUBJECT ADDED ENTRY--TOPICAL TERM | |
| Topical term or geographic name entry element | ASBESTOS (PROHIBITIONS) REGULATIONS 2003 |
| 650 24 - SUBJECT ADDED ENTRY--TOPICAL TERM | |
| Topical term or geographic name entry element | CONTROL OF ASBESTOS AT WORK REGULATIONS 2002 |
| 650 24 - SUBJECT ADDED ENTRY--TOPICAL TERM | |
| Topical term or geographic name entry element | CONTROL OF ASBESTOS REGULATIONS 2006 |
| 651 #4 - SUBJECT ADDED ENTRY--GEOGRAPHIC NAME | |
| Geographic name | United Kingdom |
| Chronological subdivision | |
| 690 ## - LOCAL SUBJECT ADDED ENTRY--TOPICAL TERM (OCLC, RLIN) | |
| Topical term or geographic name as entry element | MANAGEMENT-HEALTH AND SAFETY-HAZARDOUS SUBSTANCES-ASBESTOS |
| 942 ## - ADDED ENTRY ELEMENTS (KOHA) | |
| Suppress in OPAC | 0 |
| Withdrawn status | Lost status | Source of classification or shelving scheme | Damaged status | Not for loan | Home library | Current library | Shelving location | Date acquired | Cost, normal purchase price | Total Checkouts | Full call number | Barcode | Date last seen | Date last checked out | Copy number | Cost, replacement price | Price effective from | Koha item type |
|---|---|---|---|---|---|---|---|---|---|---|---|---|---|---|---|---|---|---|
| Dewey Decimal Classification | London | London | Books | 18/03/2008 | 27.99 | 13 | 549.66 SAN | 30072701 | 06/08/2019 | 08/02/2010 | 1 | 27.99 | 06/08/2019 | Book | ||||
| Missing | London | London | Missing | 18/03/2008 | 27.99 | 2 | 549.66 SAN | 30072702 | 06/08/2019 | 19/05/2008 | 2 | 27.99 | 06/08/2019 | Book |